Worldle: United Kingdom - Statistics

General Stats
  • This quiz has been taken 20 times
  • The average score is 31 of 37
Answer Stats
Question Tile Select % Correct
Select a Country Shape United Kingdom borders No
95%
Select a Country Shape United Kingdom borders No
95%
Select a Country Shape United Kingdom borders Yes
95%
Select the Flag of United Kingdom Yes
95%
Select the Flag of United Kingdom No
95%
Select the Flag of United Kingdom No
95%
Select a Landmark in United Kingdom No
95%
Select the Emblem of United Kingdom No
95%
Select the most Spoken Language in United Kingdom English Yes
95%
Select the Currency of United Kingdom Euro No
95%
Select the Currency of United Kingdom Franc No
95%
Select the most Spoken Language in United Kingdom French No
95%
Select a City in the United Kingdom Georgetown No
95%
Select a City in the United Kingdom Limerick No
95%
Select the Capital of United Kingdom Liverpool No
95%
Select the Currency of United Kingdom Pound Yes
95%
Select a City in the United Kingdom Southampton Yes
95%
Select the most Spoken Language in United Kingdom Tobagoan No
95%
Select the Country Shape of United Kingdom No
90%
Which Country has the larger surface area? No
90%
Select the estimated population of United Kingdom 40 Million - 60 Million No
90%
Select the estimated GDP per capita of United Kingdom 80K+ $ No
90%
Select the Capital of United Kingdom Birmingham No
90%
Select the Capital of United Kingdom London Yes
90%
Select the Country Shape of United Kingdom Yes
85%
Select the Country Shape of United Kingdom No
85%
Which Country has the larger surface area? No
80%
Select the Emblem of United Kingdom Yes
75%
Select the Emblem of United Kingdom No
75%
Select a Landmark in United Kingdom Yes
70%
Select a Landmark in United Kingdom No
70%
Select the estimated population of United Kingdom 80+ Million No
70%
Select the estimated population of United Kingdom 60 Million - 70 Million Yes
65%
Which Country has the larger surface area? No
60%
Select the estimated GDP per capita of United Kingdom 60K $ - 80K $ No
50%
Which Country has the larger surface area? Yes
45%
Select the estimated GDP per capita of United Kingdom 40K $ - 60K $ Yes
45%
No matching quizzes found
Score Distribution
Percent of People with Each Score
Percentile by Number Answered
Your Score History
You have not taken this quiz